000
002490000a22000970004500
100
1
_a
Dawson, Jim
245
1
0
_a
Building a future
300
_a
Vol. 3, Num. 1 (Agosto-Octubre, 2001), PáginaS 5-7
773
0
_t
Hope for Children in Crisis
942
_c
ANA
999
_c
55223
_d
55223